Egypt in pictures /

محفوظ في:

المؤلف الرئيسي: Kusch, Eugen, 1905-. (مؤلف)

التنسيق: كتاب

اللغة: English

منشور في: Nuremberg : Carl, 1955.

الموضوعات:

الوسوم: إضافة وسم

لا توجد وسوم, كن أول من يضع وسما على هذه التسجيلة!

رقم الطلب: DT47 .K9313 1955

LEADER 00586nam a2200193Ia 4500
003 OSt
005 20260324084227.0
008 211223s1955 gw f 000 0 eng d
040 |c ARCE Library 
050 4 |a DT47 .K9313 1955 
100 1 |a Kusch, Eugen,   |d 1905-.   |e author 
245 1 0 |a Egypt in pictures /   |c with photographs and text by Eugen Kusch.  |h   
264 1 |a Nuremberg :   |b Carl,   |c 1955. 
300 |a 24 pages, 150 pages of plates :   |c 30 cm. 
651 0 |a Egypt   |x Description and travel. 
651 0 |a Egypt   |v Pictorial works. 
901 |a reviewed 
942 |2 lcc  |c BK 
999 |c 41339  |d 41339